Liczby Fibonacciego – Jednominutowy sprint - Statystyki

Ogólne statystyki
  • Ten quiz został rozwiązany 3 921 razy
  • Średni wynik to 13 z 26
Statystyki odpowiedzi
Liczba % Poprawnych
1
100%
1
96%
2
96%
3
95%
5
94%
8
93%
13
90%
21
88%
34
86%
55
83%
89
81%
144
73%
233
60%
377
55%
610
45%
987
39%
1597
28%
2584
12%
4181
6%
6765
4%
10946
2%
17711
2%
121393
1%
28657
1%
46368
1%
75025
1%
Nie znaleziono quizów pasujących do podanych kryteriów
Rozkład punktacji
Procent ludzi z każdym wynikiem
Percentyl według liczby udzielonych odpowiedzi
Twoja historia wyników
Nie rozwiązałeś tego quizu